Random Brand Logo Quiz #5 - Statistics

General Stats
  • This quiz has been taken 614 times
  • The average score is 16 of 25
Answer Stats
Picture Answer % Correct
Lay's
93%
Yahoo!
92%
XBOX
90%
Lego
89%
Burger King
86%
Android
85%
Hulu
81%
Nerf
79%
Jif
76%
Mr. Clean
71%
Rolex
71%
Blockbuster
67%
Internet Explorer
67%
Home Alone
65%
Breaking Bad
63%
Arm & Hammer
52%
Nintendo 64
51%
Tostitos
51%
Hoover
45%
Klondike
40%
Beats by Dr. Dre
36%
Qantas
34%
Republican Party
34%
Xerox
30%
Skoda Auto
27%
No matching quizzes found
Score Distribution
Percent of People with Each Score
Percentile by Number Answered
Your Score History
You have not taken this quiz